[Event "Wch Blitz"]
[Site "Samarkand"]
[Date "2023.12.29"]
[Round "2"]
[White "Abdurakhmanov, Mukhmmadali"]
[Black "Vasquez Schroder, Rodrigo Rafael"]
[Result "1/2-1/2"]
[WhiteElo "2409"]
[BlackElo "2475"]
[PlyCount "118"]
[EventDate "2023.12.29"]
[EventType "swiss (blitz)"]
[EventRounds "21"]
[EventCountry "UZB"]
[SourceTitle "CB01_2024"]
[SourceDate "2024.01.03"]
[SourceVersion "1"]
[SourceVersionDate "2024.01.03"]
[SourceQuality "1"]

1. d4 Nf6 2. Bg5 e6 3. e4 h6 4. Bxf6 Qxf6 5. Nf3 d6 6. e5 Qe7 7. Bd3 Nd7 8. 0-0 dxe5 9. dxe5 g6 10. Re1 Bg7 11. Nbd2 Nc5 12. Bb5+ Bd7 13. Bxd7+ Nxd7 14. c3 0-0 15. Qc2 Rfd8 16. Rad1 a5 17. a4 Nb6 18. b3 Nd7 19. h4 Qc5 20. Nc4 Nb6 21. Nxb6 Qxb6 22. Rxd8+ Rxd8 23. Rd1 Rd5 24. h5 Rxd1+ 25. Qxd1 gxh5 26. Qd8+ Bf8 27. Nd2 Qc6 28. c4 Qc5 29. Ne4 Qxe5 30. Nf6+ Kg7 31. Qxf8+ Kxf6 32. Qh8+ Kf5 33. Qh7+ Kg5 34. Qxf7 h4 35. Qg8+ Kf5 36. Qf7+ Kg5 37. Qg8+ Kf5 38. Qf8+ Kg6 39. Qe8+ Kg5 40. Qd8+ Kh5 41. Qd1+ Kg5 42. Qd2+ Kg6 43. Qc2+ Kf6 44. Qd2 Kg6 45. Qd1 Qf4 46. Qe1 Kf6 47. Qc3+ e5 48. Qe1 b6 49. Qd1 Ke7 50. Qe1 Qg5 51. Kh2 Qf4+ 52. Kh3 Kf6 53. Qd1 Qd4 54. Qf3+ Kg5 55. Qc6 Qg4+ 56. Kh2 Qf4+ 57. Kg1 Qc1+ 58. Kh2 Qf4+ 59. Kg1 Qc1+ 1/2-1/2

[Event "Wch Blitz"]
[Site "Samarkand"]
[Date "2023.12.29"]
[Round "4"]
[White "Kuzubov, Yuriy"]
[Black "Vasquez Schroder, Rodrigo Rafael"]
[Result "0-1"]
[WhiteElo "2613"]
[BlackElo "2475"]
[PlyCount "98"]
[EventDate "2023.12.29"]
[EventType "swiss (blitz)"]
[EventRounds "21"]
[EventCountry "UZB"]
[SourceTitle "CB01_2024"]
[SourceDate "2024.01.03"]
[SourceVersion "1"]
[SourceVersionDate "2024.01.03"]
[SourceQuality "1"]

1. d4 Nf6 2. Nf3 e6 3. c4 c5 4. e3 a6 5. Be2 d5 6. cxd5 exd5 7. 0-0 Nc6 8. b3 cxd4 9. Nxd4 Bd6 10. Bb2 0-0 11. Nd2 Re8 12. Rc1 Bd7 13. Rc2 Nb4 14. Rc1 Nxa2 15. Ra1 Nb4 16. N2f3 Rc8 17. Rc1 Rxc1 18. Qxc1 Ne4 19. Qa1 Qe7 20. Rd1 h6 21. Qc1 Rc8 22. Qb1 b5 23. Bd3 Nc3 24. Bxc3 Rxc3 25. Bh7+ Kh8 26. Bf5 Rc8 27. h3 g6 28. Bxd7 Qxd7 29. h4 h5 30. Ng5 Be5 31. Ndf3 Bf6 32. e4 Bxg5 33. hxg5 Qe6 34. exd5 Nxd5 35. Qa1+ Kg8 36. Qd4 Nc3 37. Rd2 Ne2+ 38. Rxe2 Qxe2 39. Ne5 Qe1+ 40. Kh2 Qc3 41. Qd5 Qc7 42. g3 Rd8 43. Qe4 Qe7 44. Qf4 Rd5 45. Nf3 Rf5 46. Qb8+ Kg7 47. Qa8 Qe6 48. Nd4 Rxf2+ 49. Kg1 Qe1# 0-1

[Event "Wch Blitz"]
[Site "Samarkand"]
[Date "2023.12.29"]
[Round "3"]
[White "Vasquez Schroder, Rodrigo Rafael"]
[Black "Isanzhulov, Arystan"]
[Result "1-0"]
[WhiteElo "2475"]
[BlackElo "2407"]
[PlyCount "109"]
[EventDate "2023.12.29"]
[EventType "swiss (blitz)"]
[EventRounds "21"]
[EventCountry "UZB"]
[SourceTitle "CB01_2024"]
[SourceDate "2024.01.03"]
[SourceVersion "1"]
[SourceVersionDate "2024.01.03"]
[SourceQuality "1"]

1. e4 c5 2. Nf3 Nc6 3. d4 cxd4 4. Nxd4 g6 5. c4 Nf6 6. Nc3 Nxd4 7. Qxd4 d6 8. f3 Bg7 9. Be3 0-0 10. Qd2 a5 11. Na4 Bd7 12. Nb6 a4 13. Nxa8 Qxa8 14. Rc1 Be6 15. Be2 Nd7 16. 0-0 Rc8 17. Bd4 Nf6 18. b4 h5 19. a3 Kh7 20. Rc2 Rc7 21. Rfc1 Qc8 22. c5 Bb3 23. Rc3 dxc5 24. Rxc5 Rxc5 25. Bxc5 Qb8 26. Be3 h4 27. Bf4 Qa7+ 28. Qe3 Qa8 29. Bg5 h3 30. g4 Qb8 31. Bf4 Qd8 32. Qd2 Qa8 33. Bf1 Be6 34. Bxh3 Nd7 35. Bf1 Ne5 36. Be2 b5 37. Kg2 Nc4 38. Bxc4 Bxc4 39. Be3 Qc8 40. h4 Qe6 41. h5 gxh5 42. Rh1 Qc8 43. Rxh5+ Kg8 44. Bh6 f6 45. Bxg7 Kxg7 46. Qh6+ Kf7 47. Qh7+ Kf8 48. Qh6+ Kf7 49. Qd2 Kg7 50. g5 f5 51. Qd4+ Kg6 52. Rh6+ Kxg5 53. Rh8 Qc7 54. Qg7+ Kf4 55. Qg3+ 1-0

[Event "Wch Blitz"]
[Site "Samarkand"]
[Date "2023.12.29"]
[Round "1"]
[White "Vasquez Schroder, Rodrigo Rafael"]
[Black "Suleymenov, Alisher"]
[Result "1/2-1/2"]
[WhiteElo "2475"]
[BlackElo "2513"]
[PlyCount "153"]
[EventDate "2023.12.29"]
[EventType "swiss (blitz)"]
[EventRounds "21"]
[EventCountry "UZB"]
[SourceTitle "CB01_2024"]
[SourceDate "2024.01.03"]
[SourceVersion "1"]
[SourceVersionDate "2024.01.03"]
[SourceQuality "1"]

1. e4 c5 2. Nf3 Nc6 3. d4 cxd4 4. Nxd4 Nf6 5. Nc3 e5 6. Ndb5 d6 7. Bg5 a6 8. Na3 b5 9. Nd5 Be7 10. Bxf6 Bxf6 11. c3 Rb8 12. Nc2 Bg5 13. Be2 0-0 14. 0-0 a5 15. a3 Ne7 16. Nce3 Be6 17. Qd3 Bxe3 18. Nxe7+ Qxe7 19. Qxe3 Bb3 20. Bd1 Bc4 21. Be2 Bb3 22. Bd1 Bc4 23. Re1 Rfd8 24. Bf3 Bb3 25. Re2 Qc7 26. Rd2 h6 27. h3 Rb6 28. Bd1 Be6 29. Be2 b4 30. cxb4 axb4 31. a4 Rc6 32. a5 Ra8 33. a6 Bc8 34. a7 Rc5 35. Qd3 Rxa7 36. Rxa7 Qxa7 37. Qxd6 Rc1+ 38. Bd1 Be6 39. Kh2 Qc5 40. Qxc5 Rxc5 41. Be2 Kf8 42. Kg3 Ke7 43. Kf3 Rc1 44. Ke3 Rg1 45. Kf3 h5 46. Kg3 g6 47. Kf3 g5 48. Rc2 Kd6 49. Rd2+ Kc5 50. Rc2+ Kb6 51. Rd2 h4 52. Rc2 f6 53. Rd2 Kc5 54. Rc2+ Kd6 55. Rd2+ Ke7 56. Rc2 Kd6 57. Rd2+ Kc7 58. Rc2+ Kb6 59. Rd2 Rc1 60. Ke3 Kc7 61. Bd3 Bf7 62. Be2 Kc6 63. Bg4 Rg1 64. f3 Bc4 65. Bd7+ Kc7 66. Bf5 Bf1 67. Rd7+ Kc6 68. Kf2 Rxg2+ 69. Kxf1 Rxb2 70. Rf7 Kc5 71. Rxf6 Kd4 72. Rb6 Ke3 73. Bg4 Rb1+ 74. Kg2 Rb2+ 75. Kf1 Rb1+ 76. Kg2 Rb2+ 77. Kf1 1/2-1/2

[Event "Wch Blitz"]
[Site "Samarkand"]
[Date "2023.12.29"]
[Round "11"]
[White "Vasquez Schroder, Rodrigo Rafael"]
[Black "Yu, Yangyi"]
[Result "0-1"]
[WhiteElo "2475"]
[BlackElo "2714"]
[PlyCount "110"]
[EventDate "2023.12.29"]
[EventType "swiss (blitz)"]
[EventRounds "21"]
[EventCountry "UZB"]
[SourceTitle "CB01_2024"]
[SourceDate "2024.01.03"]
[SourceVersion "1"]
[SourceVersionDate "2024.01.03"]
[SourceQuality "1"]

1. d4 Nf6 2. Nf3 e6 3. e3 b6 4. Bd3 Bb7 5. 0-0 g6 6. b3 Bg7 7. Bb2 0-0 8. Nbd2 d6 9. e4 Nbd7 10. Re1 c5 11. c3 Qc7 12. Qe2 Rfe8 13. Rad1 Rad8 14. Ba6 Ba8 15. Bb5 Bc6 16. Bxc6 Qxc6 17. c4 Qb7 18. Qf1 cxd4 19. Bxd4 a6 20. a4 Nc5 21. Qe2 e5 22. Bc3 Rb8 23. Bb4 Qc6 24. Rc1 h5 25. Ba3 Ne6 26. g3 Nd7 27. h4 Ndc5 28. Rb1 Bh6 29. Bb4 Red8 30. Nf1 Re8 31. Bd2 Bg7 32. Bc3 b5 33. cxb5 axb5 34. a5 Nxe4 35. Qxe4 Qxc3 36. b4 Qc8 37. Ne3 Nd4 38. Nd5 f5 39. Qe3 Qc6 40. Nxd4 Qxd5 41. Nf3 e4 42. Red1 Qc4 43. Ng5 d5 44. Qa7 d4 45. Rbc1 Qd5 46. Rc5 Qb3 47. Rdc1 e3 48. Rc7 exf2+ 49. Kg2 Be5 50. R7c4 Qxg3+ 51. Kf1 Qg1+ 52. Ke2 Bf4+ 53. Kd3 f1Q+ 54. Rxf1 Qxf1+ 55. Kxd4 Qxc4# 0-1

[Event "Wch Rapid"]
[Site "Samarkand"]
[Date "2023.12.26"]
[Round "3"]
[White "Suyarov, Mukhammadzokhid"]
[Black "Vasquez Schroder, Rodrigo Rafael"]
[Result "1-0"]
[WhiteElo "2359"]
[BlackElo "2475"]
[PlyCount "133"]
[EventDate "2023.12.26"]
[EventType "swiss (rapid)"]
[EventRounds "13"]
[EventCountry "UZB"]
[SourceTitle "CB01_2024"]
[SourceDate "2024.01.03"]
[SourceVersion "1"]
[SourceVersionDate "2024.01.03"]
[SourceQuality "1"]

1. e4 c5 2. Nf3 d6 3. Bb5+ Nc6 4. 0-0 Bd7 5. Re1 Nf6 6. c3 a6 7. Bf1 Bg4 8. d4 cxd4 9. cxd4 d5 10. e5 Nd7 11. Be3 e6 12. Nbd2 Be7 13. h3 Bh5 14. Rc1 0-0 15. Bd3 Bg6 16. Bxg6 fxg6 17. Nf1 Nb6 18. b3 Rc8 19. Qe2 Qd7 20. Bd2 Na8 21. Ng3 Nc7 22. a4 a5 23. h4 Qe8 24. Be3 Nb4 25. Rc3 Nc6 26. Rec1 Ba3 27. Rd1 Na6 28. Ng5 h6 29. Nh3 Bb4 30. Rcc1 Qf7 31. h5 gxh5 32. Nxh5 Be7 33. Qg4 Kh7 34. N3f4 Nc7 35. Nh3 Rg8 36. Qe2 g5 37. g4 Qg6 38. Kg2 Rcf8 39. f3 Rf7 40. Rf1 Kh8 41. Rf2 Ne8 42. Ng3 Nc7 43. Rh1 Rh7 44. Rc1 Ba3 45. Rd1 Be7 46. Rff1 Nb4 47. Rc1 Bd8 48. Kh2 Rf7 49. Nh5 Qd3 50. Qxd3 Nxd3 51. Rcd1 Nb4 52. f4 gxf4 53. Bxf4 Kh7 54. Be3 Rgf8 55. Rxf7+ Rxf7 56. Kg3 Ne8 57. g5 Ng7 58. Nf6+ Bxf6 59. gxf6 Nf5+ 60. Kf3 Rc7 61. Nf4 Rc3 62. Nxe6 Nxe3 63. Rg1 Nf5+ 64. Kf4 Nh4 65. Rg7+ Kh8 66. Kg4 Ng2 67. Nd8 1-0

[Event "Titled Tuesday intern op 19th Sep Early"]
[Site "Chess.com INT"]
[Date "2023.09.19"]
[Round "10"]
[White "Arhan, Chethan Anand"]
[Black "Vasquez Schroder, Rodrigo Rafael"]
[Result "0-1"]
[WhiteElo "2395"]
[BlackElo "2478"]
[PlyCount "90"]
[EventDate "2023.09.19"]
[EventType "swiss (blitz)"]
[EventRounds "11"]
[EventCountry "USA"]
[SourceTitle "EXT 2024"]
[Source "ChessBase"]
[SourceDate "2023.10.10"]
[SourceVersion "1"]
[SourceVersionDate "2023.10.10"]
[SourceQuality "1"]

1. d4 Nf6 2. c4 e6 3. Nf3 c5 4. d5 exd5 5. cxd5 d6 6. Nc3 g6 7. Nd2 Nbd7 8. e4 Bg7 9. Be2 0-0 10. 0-0 Re8 11. Re1 Ne5 12. a4 a6 13. Ra3 g5 14. Nf1 h6 15. f3 Ng6 16. g3 Bd7 17. Ne3 Qc7 18. a5 Re7 19. Nc4 Rae8 20. Bd3 Bb5 21. Rb3 Bxc4 22. Bxc4 Qxa5 23. Bd2 Qc7 24. Bf1 b5 25. Qa1 c4 26. Ra3 b4 27. Rxa6 bxc3 28. Bxc3 Nd7 29. Rc6 Qb8 30. Bxg7 Kxg7 31. Rxc4 Nde5 32. Rc3 Qb6+ 33. Kg2 Rb8 34. Re2 Rc7 35. Rec2 Rxc3 36. bxc3 Qe3 37. Qd1 g4 38. f4 Qxe4+ 39. Kf2 Nc4 40. Qd3 Qxd3 41. Bxd3 Nb6 42. c4 h5 43. Ke3 Nd7 44. Bf5 Nc5 45. Kf2 Ne7 0-1